Sad Statue Lyrics - Statistics

General Stats
  • This quiz has been taken 8 times
  • The average score is 14 of 17
Answer Stats
Lyrics % Correct
And a {generation} that didn't agree
100%
{Generation}
100%
Permanence unfolding {in} {the} {absolute}
100%
We'll all {go} {down} in history
100%
With a sad {Statue} {of} {Liberty}
100%
{You} {and} {me}
100%
Conquest to the lover and your {love} {to} {the} {fire}
83%
Forgiveness is the {ultimate} sacrifice
83%
I {forgot} to
83%
I {forgot} to let you know that
83%
In this little piece of typical {tragedy}
83%
{Suffering} now
83%
To the cries of human {suffering}?
83%
Eloquence belongs to the {conqueror}
67%
Justified candy, {brandy} for the nerves
67%
The pictures of {time} {and} {space} are rearranged
50%
What is it in us that turns a {deaf} {ear}
33%
No matching quizzes found
Score Distribution
Percent of People with Each Score
Percentile by Number Answered
Your Score History
You have not taken this quiz